| 000 | 00478 a2200169 4500 | ||
|---|---|---|---|
| 000 | BKB | ||
| 001 | 069397 | ||
| 005 | 20200902150254.0 | ||
| 008 | |||
| 082 |
_a332 _bM58M |
||
| 100 | 1 | _aMicrofinance in India | |
| 245 | 1 |
_aMicrofinance in India _cedited by K.G. karmaker |
|
| 260 |
_aLondon _bSage Publications _c2010 |
||
| 300 | _a489p. | ||
| 690 | _aMicrofinance; Rural development; India | ||
| 700 |
_aKarmakar, K.G. ed. _b _c |
||
| 999 |
_c2949 _d2949 |
||